[Event "SRB-chT 1st League"]
[Site "Kragujevac"]
[Date "2015.09.08"]
[Round "5.1"]
[White "Gavrilovic, Vasilije"]
[Black "Bozic, Milan"]
[Result "0-1"]
[WhiteElo "2081"]
[BlackElo "2438"]
[PlyCount "106"]
[EventDate "2015.09.05"]
[EventType "team-tourn"]
[EventRounds "11"]
[EventCountry "SRB"]
[SourceTitle "EXT 2016"]
[Source "ChessBase"]
[SourceDate "2015.10.08"]
[SourceVersion "1"]
[SourceVersionDate "2015.10.08"]
[SourceQuality "1"]
[WhiteTeam "Lucani Mladost"]
[BlackTeam "Valjevo Sveti Nikolaj"]
[WhiteTeamCountry "SRB"]
[BlackTeamCountry "SRB"]

1. c4 c5 2. Nc3 Nf6 3. g3 d5 4. cxd5 Nxd5 5. Bg2 Nc7 6. Nf3 Nc6 7. 0-0 g6 8. d3 Bg7 9. Be3 b6 10. Qd2 0-0 11. Bh6 Rb8 12. Bxg7 Kxg7 13. Rad1 e5 14. Qg5 f6 15. Qc1 Qe7 16. Rfe1 Rd8 17. h4 h5 18. Ne4 Be6 19. b3 a5 20. Qb2 Bd5 21. Nfd2 Ne6 22. Bh3 Ned4 23. Nc3 Be6 24. Bg2 Qd7 25. Nf3 Bg4 26. Nxd4 Nxd4 27. Ne4 a4 28. bxa4 Qxa4 29. Nc3 Qb4 30. Rd2 Qa5 31. Rb1 b5 32. Ne4 b4 33. Rc1 Rbc8 34. Kf1 Bf5 35. e3 Bxe4 36. Bxe4 Nb5 37. Bf3 Nc3 38. a3 Rc7 39. axb4 cxb4 40. d4 Rcd7 41. Ra1 Qb6 42. Qb3 exd4 43. exd4 Rxd4 44. Rxd4 Qxd4 45. Kg2 Ne4 46. Qa2 Nd2 47. Qa7+ Kh6 48. Bc6 Qxa7 49. Rxa7 Rb8 50. Rd7 Nc4 51. Rd4 Ne5 52. Be4 b3 53. f4 f5 0-1

[Event "SRB-chT2 West CS"]
[Site "Serbia"]
[Date "2012.09.15"]
[Round "2.3"]
[White "Jovanovic, Bojan P"]
[Black "Gavrilovic, Vasilije"]
[Result "1-0"]
[WhiteElo "2205"]
[BlackElo "2155"]
[PlyCount "98"]
[EventDate "2012.09.14"]
[EventType "team"]
[EventRounds "10"]
[EventCountry "SRB"]
[SourceTitle "EXT 2015"]
[Source "ChessBase"]
[SourceDate "2014.11.20"]
[SourceVersion "1"]
[SourceVersionDate "2014.11.20"]
[SourceQuality "1"]

1. d4 d5 2. c4 e6 3. Nf3 Nf6 4. Nc3 a6 5. cxd5 exd5 6. Bg5 Be7 7. e3 h6 8. Bf4 0-0 9. h3 b6 10. Bd3 c5 11. dxc5 bxc5 12. 0-0 Nbd7 13. Na4 Nb6 14. Rc1 Nxa4 15. Qxa4 Bd7 16. Qc2 Bb5 17. Rfd1 Qa5 18. Qc3 Qb6 19. Be5 Bxd3 20. Qxd3 Rfd8 21. Rc2 Ne4 22. Nd2 Qe6 23. Bc7 c4 24. Qe2 Rdc8 25. Nxe4 Qxe4 26. Ba5 Bf6 27. Bc3 Bxc3 28. Rxc3 Rc5 29. Qc2 Qe5 30. Rd4 Rb8 31. Qd2 Rcb5 32. Rc2 R8b6 33. Qc3 Qb8 34. Rdd2 a5 35. g3 Rf6 36. Qd4 a4 37. e4 Qc8 38. exd5 Qxh3 39. Qxc4 Rb8 40. d6 Re8 41. Qf1 Qf5 42. d7 Rd8 43. Rc8 Qa5 44. Rdc2 Kh7 45. Qd3+ g6 46. Rxd8 Qxd8 47. Rc8 Qb6 48. Qe3 Qxb2 49. Rh8+ Kxh8 1-0